<?xml version="1.0" encoding="UTF-8"?>
<record
    xmlns:xsi="http://www.w3.org/2001/XMLSchema-instance"
    xsi:schemaLocation="http://www.loc.gov/MARC21/slim http://www.loc.gov/standards/marcxml/schema/MARC21slim.xsd"
    xmlns="http://www.loc.gov/MARC21/slim">

  <leader>01601    a2200265   4500</leader>
  <controlfield tag="003">NALT</controlfield>
  <controlfield tag="005">20251225140445.0</controlfield>
  <controlfield tag="008">230411b        th ||||| |||| 00| 0 tha d</controlfield>
  <datafield tag="020" ind1=" " ind2=" ">
    <subfield code="a">9786165812276</subfield>
  </datafield>
  <datafield tag="040" ind1=" " ind2=" ">
    <subfield code="a">NALT</subfield>
  </datafield>
  <datafield tag="090" ind1=" " ind2=" ">
    <subfield code="a">KU 121</subfield>
    <subfield code="b">&#xE2A;866&#xE2B; 2566</subfield>
  </datafield>
  <datafield tag="100" ind1="0" ind2=" ">
    <subfield code="a">&#xE2A;&#xE38;&#xE23;&#xE34;&#xE22;&#xE32; &#xE1B;&#xE32;&#xE19;&#xE41;&#xE1B;&#xE49;&#xE19;</subfield>
    <subfield code="9">29101</subfield>
  </datafield>
  <datafield tag="245" ind1="1" ind2="0">
    <subfield code="a">&#xE2B;&#xE25;&#xE31;&#xE01;&#xE01;&#xE0E;&#xE2B;&#xE21;&#xE32;&#xE22;&#xE27;&#xE48;&#xE32;&#xE14;&#xE49;&#xE27;&#xE22;&#xE2D;&#xE07;&#xE04;&#xE4C;&#xE01;&#xE23;&#xE2D;&#xE31;&#xE22;&#xE01;&#xE32;&#xE23;&#xE41;&#xE25;&#xE30;&#xE1E;&#xE19;&#xE31;&#xE01;&#xE07;&#xE32;&#xE19;&#xE2D;&#xE31;&#xE22;&#xE01;&#xE32;&#xE23; /</subfield>
    <subfield code="c">&#xE2A;&#xE38;&#xE23;&#xE34;&#xE22;&#xE32; &#xE1B;&#xE32;&#xE19;&#xE41;&#xE1B;&#xE49;&#xE19;, &#xE2D;&#xE19;&#xE38;&#xE27;&#xE31;&#xE12;&#xE19;&#xE4C; &#xE1A;&#xE38;&#xE0D;&#xE19;&#xE31;&#xE19;&#xE17;&#xE4C;.</subfield>
  </datafield>
  <datafield tag="250" ind1=" " ind2=" ">
    <subfield code="a">&#xE1E;&#xE34;&#xE21;&#xE1E;&#xE4C;&#xE04;&#xE23;&#xE31;&#xE49;&#xE07;&#xE17;&#xE35;&#xE48; 8 (&#xE41;&#xE01;&#xE49;&#xE44;&#xE02;&#xE40;&#xE1E;&#xE34;&#xE48;&#xE21;&#xE40;&#xE15;&#xE34;&#xE21;)</subfield>
  </datafield>
  <datafield tag="260" ind1=" " ind2=" ">
    <subfield code="a">&#xE01;&#xE23;&#xE38;&#xE07;&#xE40;&#xE17;&#xE1E;&#xE2F; :</subfield>
    <subfield code="b">&#xE27;&#xE34;&#xE0D;&#xE0D;&#xE38;&#xE0A;&#xE19;,</subfield>
    <subfield code="c">2566.</subfield>
  </datafield>
  <datafield tag="300" ind1=" " ind2=" ">
    <subfield code="a">287 &#xE2B;&#xE19;&#xE49;&#xE32; :</subfield>
    <subfield code="b">&#xE15;&#xE32;&#xE23;&#xE32;&#xE07; ;</subfield>
    <subfield code="c">26 &#xE0B;&#xE21;.</subfield>
  </datafield>
  <datafield tag="505" ind1="1" ind2=" ">
    <subfield code="a">&#xE1A;&#xE17;&#xE17;&#xE35;&#xE48; 1 &#xE2D;&#xE07;&#xE04;&#xE4C;&#xE01;&#xE23;&#xE2D;&#xE31;&#xE22;&#xE01;&#xE32;&#xE23; -- &#xE1A;&#xE17;&#xE17;&#xE35;&#xE48; 2 &#xE1E;&#xE19;&#xE31;&#xE01;&#xE07;&#xE32;&#xE19;&#xE2D;&#xE31;&#xE22;&#xE01;&#xE32;&#xE23; -- &#xE1A;&#xE17;&#xE17;&#xE35;&#xE48; 3 &#xE2A;&#xE33;&#xE19;&#xE31;&#xE01;&#xE07;&#xE32;&#xE19;&#xE2D;&#xE31;&#xE22;&#xE01;&#xE32;&#xE23;&#xE2A;&#xE39;&#xE07;&#xE2A;&#xE38;&#xE14; -- &#xE1A;&#xE17;&#xE17;&#xE35;&#xE48; 4 &#xE15;&#xE31;&#xE27;&#xE2D;&#xE22;&#xE48;&#xE32;&#xE07;&#xE02;&#xE49;&#xE2D;&#xE2A;&#xE2D;&#xE1A;&#xE2D;&#xE31;&#xE22;&#xE01;&#xE32;&#xE23;&#xE1C;&#xE39;&#xE49;&#xE0A;&#xE48;&#xE27;&#xE22;&#xE1E;&#xE23;&#xE49;&#xE2D;&#xE21;&#xE18;&#xE07;&#xE04;&#xE33;&#xE15;&#xE2D;&#xE1A;.</subfield>
  </datafield>
  <datafield tag="650" ind1=" " ind2="4">
    <subfield code="9">37736</subfield>
    <subfield code="a">&#xE2D;&#xE31;&#xE22;&#xE01;&#xE32;&#xE23;</subfield>
    <subfield code="x">&#xE01;&#xE0E;&#xE2B;&#xE21;&#xE32;&#xE22;&#xE41;&#xE25;&#xE30;&#xE23;&#xE30;&#xE40;&#xE1A;&#xE35;&#xE22;&#xE1A;&#xE02;&#xE49;&#xE2D;&#xE1A;&#xE31;&#xE07;&#xE04;&#xE31;&#xE1A;</subfield>
  </datafield>
  <datafield tag="650" ind1=" " ind2="4">
    <subfield code="9">16004</subfield>
    <subfield code="a">&#xE2D;&#xE31;&#xE22;&#xE01;&#xE32;&#xE23; </subfield>
    <subfield code="x">&#xE02;&#xE49;&#xE2D;&#xE2A;&#xE2D;&#xE1A;&#xE41;&#xE25;&#xE30;&#xE40;&#xE09;&#xE25;&#xE22;</subfield>
  </datafield>
  <datafield tag="700" ind1="0" ind2=" ">
    <subfield code="9">2019</subfield>
    <subfield code="a">&#xE2D;&#xE19;&#xE38;&#xE27;&#xE31;&#xE12;&#xE19;&#xE4C; &#xE1A;&#xE38;&#xE0D;&#xE19;&#xE31;&#xE19;&#xE17;&#xE4C;</subfield>
  </datafield>
  <datafield tag="850" ind1=" " ind2=" ">
    <subfield code="a">NALT</subfield>
  </datafield>
  <datafield tag="942" ind1=" " ind2=" ">
    <subfield code="2">local</subfield>
    <subfield code="c">LB</subfield>
  </datafield>
  <datafield tag="996" ind1=" " ind2=" ">
    <subfield code="a">areerat.v</subfield>
    <subfield code="b">CATSTF	</subfield>
    <subfield code="c">2023-04-11</subfield>
  </datafield>
  <datafield tag="999" ind1=" " ind2=" ">
    <subfield code="c">101743</subfield>
    <subfield code="d">101743</subfield>
  </datafield>
  <datafield tag="998" ind1=" " ind2=" ">
    <subfield code="j">8</subfield>
    <subfield code="k"> &#xE19;&#xE32;&#xE22;&#xE1A;&#xE31;&#xE13;&#xE11;&#xE34;&#xE15;  &#xE2D;&#xE38;&#xE17;&#xE32;&#xE27;&#xE07;&#xE04;&#xE4C;</subfield>
  </datafield>
  <datafield tag="952" ind1=" " ind2=" ">
    <subfield code="0">0</subfield>
    <subfield code="1">0</subfield>
    <subfield code="2">local</subfield>
    <subfield code="4">0</subfield>
    <subfield code="7">0</subfield>
    <subfield code="8">CMIN-PLM</subfield>
    <subfield code="a">NALT</subfield>
    <subfield code="b">NALT</subfield>
    <subfield code="c">LAW</subfield>
    <subfield code="d">2023-04-07</subfield>
    <subfield code="e">23</subfield>
    <subfield code="l">9</subfield>
    <subfield code="m">7</subfield>
    <subfield code="o">KU 121 &#xE2A;866&#xE2B; 2566</subfield>
    <subfield code="p">3961213761</subfield>
    <subfield code="r">2026-01-05 00:00:00</subfield>
    <subfield code="s">2025-12-25</subfield>
    <subfield code="w">2023-04-07</subfield>
    <subfield code="y">LB</subfield>
  </datafield>
</record>
